LIBRARY & INFORMATION CENTRE, KCAET, TAVANUR

ONLINE PUBLIC ACCESS CATALOGUE (OPAC)

Studies on zero till seed drill and raised bed planter for summer crops in Kerala (Record no. 14962)

MARC details
000 -LEADER
fixed length control field 00730nam a22001817a 4500
003 - CONTROL NUMBER IDENTIFIER
control field OSt
088 ## - REPORT NUMBER
Report number P 209
100 ## - MAIN ENTRY--AUTHOR NAME
Personal name GRITTY P.T
-- HABEEB RAHMAN P
-- NEETHU JOSE
-- SREEKANTH M
245 ## - TITLE STATEMENT
Title Studies on zero till seed drill and raised bed planter for summer crops in Kerala
260 ## - PUBLICATION, DISTRIBUTION, ETC. (IMPRINT)
Place of publication Tavanur 2009
Name of publisher Department of Farm Power Machinery and Energy
300 ## - PHYSICAL DESCRIPTION
Number of Pages 60
500 ## - GENERAL NOTE
General note Studies on zero till seed drill and raised bed planter for summer crops in Kerala
520 ## - SUMMARY, ETC.
Summary, etc Studies on zero till seed drill and raised bed planter for summer crops in Kerala
700 ## - ADDED ENTRY--PERSONAL NAME
Personal name Er. Sindhu Bhaskar
856 ## - ELECTRONIC LOCATION AND ACCESS
Uniform Resource Identifier https://drive.google.com/open?id=1Op1LUdg1-lIllTaJGFi_LqD3YT4Ik25w
942 ## - ADDED ENTRY ELEMENTS (KOHA)
Koha item type Project Report
Holdings
Collection code Home library Current library Shelving location Full call number Accession Number Koha item type
Reference KAUAET KAUAET Reference 631.3 GRI/ST P 209 Project Report
free website counter